US states whose largest source of energy is renewable - Statistics

General Stats
  • This quiz has been taken 68 times
  • The average score is 10 of 16
Answer Stats
Source Percent State % Correct
Hydroelectric 63.2% Washington
89%
Hydroelectric 47.9% Oregon
83%
Hydroelectric 35.2% Maine
76%
Hydroelectric 53.2% Idaho
70%
Nuclear 61.1% New Hampshire
70%
Hydroelectric 57.8% Vermont
70%
Nuclear 47.6% Maryland
65%
Nuclear 48.4% New Jersey
63%
Wind 44.1% Kansas
61%
Wind 48.1% Iowa
59%
Nuclear 58.3% South Carolina
59%
Nuclear 36.8% North Carolina
56%
Hydroelectric 43.7% South Dakota
56%
Nuclear 49.4% Tennessee
52%
Nuclear 60.0% Illinois
50%
Nuclear 34.7% Alabama
41%
No matching quizzes found
Score Distribution
Percent of People with Each Score
Percentile by Number Answered
Your Score History
You have not taken this quiz